Sports Quiz

Random Sports or Baseball Quiz

MLB Team A.W.F.U.L. 2010 Quiz Stats

 Plays Quiz not verified by Sporcle

Score 0/39 Timer 08:00
0 Plays Today
Position Player Name % Correct
OFCarlos Lee
56.4%
1BGarrett Jones
55.2%
3BAndy LaRoche
36.3%
CJeff Mathis
33.8%
OFNyjer Morgan
31.9%
OFNate McLouth
30.6%
SPJames Shields
28.4%
OFMelky Cabrera (honorary team member: -1.2 on Fangraphs)
24.5%
3BPedro Feliz (Team Offensive MVP)
24.4%
CKoyie Hill
23.7%
3BBrandon Wood
23.5%
SP/RPOliver Perez
22.2%
SPJeremy Bonderman
21.8%
SPDoug Davis
20%
OFLastings Milledge
19.2%
2B/SSAlex Cora
18%
SPKyle Lohse
16.8%
RPChad Qualls
16.6%
SPRyan Rowland-Smith (Pitching MVP)
16.5%
1B/OFXavier Nady
14.1%
Position Player Name % Correct
1BGarrett Atkins
13.7%
2BAkinori Iwamura
12.8%
SPDavid Huff
12.7%
OFGarret Anderson
12.1%
SSJuan Castro
11.5%
OFRyan Church
10%
CAdam Moore
9.9%
SPKevin Correia
9.8%
SPJason Marquis
8.9%
SPCharlie Morton
8.8%
SPIan Snell
8.6%
SSTommy Manzella
7.2%
SPAndrew Miller
6.7%
CKevin Cash
6.1%
RPBob Howry
4.6%
2B/SS/3BTony Abreu
3.8%
RPBrian Tallet
3.2%
RPEsmil Rogers
2%
SP/RPCharlie Haeger
1.2%

You're not logged in!

Compare scores with friends on all Sporcle quizzes.
OR
Log In

Show Comments

Extras

Top Quizzes Today


Score Distribution

Your Account Isn't Verified!

In order to create a playlist on Sporcle, you need to verify the email address you used during registration. Go to your Sporcle Settings to finish the process.

Report this User

Report this user for behavior that violates our Community Guidelines.

Details: